00255nam a22000977a 4500008004100000082001100041100002400052245003400076260003800110300000900148260504b |||||||| |||| 00| 0 eng d a001661 aBhajanananda, Swamy aYoga Mathu Adhyatmika Sadhane aMysorebRamakrishna Ashramac2023 a149p